00475nam a2200121Ia 4500008004100000020002200041041001200063100002200075245006200097260003200159440005800191650010400249231221s9999 xx 000 0 und d a978-1-4614-1338-7 aEnglish aK. Sreenivasa Rao 0aPredicting Prosody from Text for Text-to-Speech Synthesis c2012bSpringer USaNew York aSpringerBriefs in Electrical and Computer Engineering aSignal,Image and Speech Processing; Computational Linguistics; Language Translation and Linguistics